| 000 | 00527nam a22001937a 4500 | ||
|---|---|---|---|
| 003 | KOHA_MİRAKIL | ||
| 005 | 20251111101430.0 | ||
| 008 | 251111b tu ||||| |||| 00| 0 tur d | ||
| 020 | _a9786257913461 | ||
| 040 |
_aTR-AnABB _btur _cTR-AnABB |
||
| 041 | _atur | ||
| 082 |
_a324.04 _bMOR 2020 |
||
| 100 | 1 | _aMorris, William, | |
| 245 | 1 | 0 |
_aHiçbir yerden haberler / _cWilliam Morris |
| 260 |
_aİstanbul : _bİthaki Yayınları, _c2020 |
||
| 300 |
_a265 sayfa ; _c19 cm |
||
| 650 | 0 | 0 | _aSiyaset |
| 942 |
_2ddc _cBK |
||
| 999 |
_c9334 _d9334 |
||
| 900 | _bGizem YORULMAZ | ||